[Event "Detroit (Beg/2/15)"]
[Site "?"]
[Date "1994.??.??"]
[Round "?"]
[White "Dangremond, J."]
[Black "Blackshear, J."]
[Result "0-1"]
[WhiteElo "1605"]
[BlackElo "1605"]
[PlyCount "40"]
[EventDate "1994.??.??"]

{2/(15)} 1. e4 e5 2. Nc3 Nf6 3. Bc4 Nc6 4. d3 Bb4 5. Qd2 O-O 6. Nf3 d6 7. a3
Bxc3 8. Qxc3 Be6 9. O-O d5 10. exd5 Nxd5 11. Qd2 Bg4 12. Qe2 Re8 13. Qe4 Bxf3
14. Qxf3 f6 15. Bxd5+ Kf8 16. Be3 Qd6 17. c4 g6 18. a4 Rad8 19. Rfb1 Nd4 20.
Qd1 c6 {[Remainder illegible; 0-1, 50?]} 0-1

[Event "Detroit (Beg/4/13)"]
[Site "?"]
[Date "1994.??.??"]
[Round "?"]
[White "Dangremond, D."]
[Black "Sloan, A."]
[Result "1-0"]
[WhiteElo "1605"]
[BlackElo "1605"]
[PlyCount "37"]
[EventDate "1994.??.??"]

{4/(13)} 1. e4 e5 2. Nf3 Nc6 3. Nc3 Bb4 4. a3 Bxc3 5. bxc3 Nf6 6. Bd3 O-O 7.
O-O d6 8. Bb2 Bg4 9. h3 Bxf3 10. Qxf3 Qe8 11. Rfe1 Rd8 12. Re2 Rd7 13. Rae1 Qb8
14. c4 b6 15. Re3 g5 16. Qxf6 Nd8 17. Qxg5+ Kh8 18. Rg3 Re7 19. Qg7# 1-0

[Event "Detroit (Beg/2/10)"]
[Site "?"]
[Date "1994.??.??"]
[Round "?"]
[White "Dangremond, D."]
[Black "Ballard, C."]
[Result "0-1"]
[WhiteElo "1605"]
[BlackElo "1605"]
[PlyCount "130"]
[EventDate "1994.??.??"]

{2/(10)} 1. e4 e5 2. Nf3 Nf6 3. Nc3 Nc6 4. Bb5 Bb4 5. a3 Nd4 6. axb4 Nxf3+ 7.
Qxf3 a6 8. Ba4 O-O 9. O-O d6 10. d3 Bg4 11. Qg3 b5 12. Bb3 Qd7 13. Nd5 Nh5 14.
Qh4 g6 15. Nf6+ Nxf6 16. Qxf6 Qd8 17. Qxd8 Rfxd8 18. Bg5 Rdc8 19. h3 Be6 20.
Bxe6 fxe6 21. Rfd1 c5 22. bxc5 Rxc5 23. c3 a5 24. d4 exd4 25. cxd4 Rxg5 26.
Rac1 b4 27. Rc6 Rd8 28. Rdc1 Rb5 29. Rc8 Rb8 30. Rxd8+ Rxd8 31. Rc6 e5 32. dxe5
dxe5 33. Ra6 Rd4 34. f3 Rd1+ 35. Kh2 Ra1 36. Re6 b3 37. Rxe5 Ra2 38. Rb5 Rxb2
39. Rxa5 Re2 40. Rb5 b2 41. Kg1 Re1+ 42. Kf2 b1=Q 43. Rxb1 Rxb1 44. Ke3 Rb2 45.
e5 Rxg2 46. Ke4 Ra2 47. e6 Ra5 48. e7 Kf7 49. Kf4 Kxe7 50. Kg4 h5+ 51. Kh4 Rf5
52. Kg3 g5 53. h4 gxh4+ 54. Kxh4 Kf7 55. Kg3 Kg6 56. Kf2 h4 57. Kg2 Kg5 58. Kh3
Rxf3+ 59. Kh2 h3 60. Kh1 Kg4 61. Kh2 Rf2+ 62. Kg1 Kg3 63. Kh1 Ra2 64. Kg1 h2+
65. Kh1 Ra1# 0-1

[Event "Detroit (MCO/DEU/6/12)"]
[Site "?"]
[Date "1994.??.??"]
[Round "?"]
[White "Danek, C."]
[Black "Stubbs, B."]
[Result "1-0"]
[WhiteElo "1605"]
[BlackElo "1605"]
[PlyCount "120"]
[EventDate "1994.??.??"]

{6/(12)} 1. e4 e5 2. Nf3 Nc6 3. Bc4 Bc5 4. c3 Nf6 5. Ng5 d5 6. exd5 Nxd5 7. Qf3
Qxg5 8. Bxd5 O-O 9. O-O Bd7 10. d4 Qe7 11. dxc5 Qxc5 12. Be3 Qe7 13. b4 Rab8
14. Bc5 Qf6 15. Bxf8 Qxf3 16. Bxf3 Kxf8 17. Nd2 Ne7 18. Rfe1 Ng6 19. Nc4 f6 20.
Rad1 Be6 21. Bd5 Bf5 22. Na5 c6 23. Be4 Bg4 24. f3 Be6 25. Bxg6 hxg6 26. Nb3
Bc4 27. Rd2 Ke7 28. g4 Bd5 29. Kf2 Be6 30. Kg3 g5 31. Rde2 Bc4 32. Rd2 Bd5 33.
h4 gxh4+ 34. Kxh4 Rh8+ 35. Kg3 Kf7 36. Nc5 b6 37. Ne4 Ke6 38. Rc1 Kf7 39. Nd6+
Ke7 40. c4 Kxd6 41. cxd5 cxd5 42. Rcd1 Rc8 43. Rxd5+ Ke6 44. Rd6+ Kf7 45. Rd7+
Ke8 46. Rxa7 g6 47. Rdd7 Rc3 48. Rg7 Kf8 49. Rgf7+ Ke8 50. Rxf6 e4 51. Rxb6 Rc8
52. Re6+ Kf8 53. Rxe4 Rd8 54. b5 Rd6 55. Rb4 Rb6 56. Ra6 Rb7 57. b6 Ke8 58. Ra7
Rb8 59. b7 Kd8 60. Ra8 Kc7 1-0

[Event "Detroit (MCO/DEU/4/10)"]
[Site "?"]
[Date "1994.??.??"]
[Round "?"]
[White "Danek, C."]
[Black "Silveri, Marco"]
[Result "0-1"]
[WhiteElo "1605"]
[BlackElo "1605"]
[PlyCount "114"]
[EventDate "1994.??.??"]

{4/(10)} 1. e4 g6 2. d4 Bg7 3. Nf3 d6 4. Nc3 Bg4 5. h3 Bxf3 6. Qxf3 Nf6 7. e5
dxe5 8. dxe5 Ng8 9. Qxb7 Nd7 10. f4 e6 11. b3 Ne7 12. Ba3 Qb8 13. Qe4 a6 14.
O-O-O Ra7 15. Qa4 Qd8 16. Bc5 Ra8 17. Bxa6 c6 18. Bxe7 Qxe7 19. Qxc6 O-O 20.
Rxd7 Rxa6 21. Rxe7 Rxc6 22. Kb2 Rd8 23. Rd1 Rcc8 24. Red7 Re8 25. R1d6 h5 26.
a4 f6 27. exf6 Bxf6 28. Rd3 Rf8 29. b4 Rc4 30. Kb3 Rfc8 31. Nb5 Rxc2 32. Nd4
Rxg2 33. Nxe6 Rb2+ 34. Ka3 Rb1 35. Rg3 Rc3+ 36. Rxc3 Bxc3 37. b5 Bh8 38. Rd8+
Kh7 39. Nf8+ Kh6 40. Nxg6 Bf6 41. Rd5 Kxg6 42. Rd3 Be7+ 43. Ka2 Rb4 44. Rg3+
Kf5 45. Ra3 Rxf4 46. Re3 Rxa4+ 47. Kb2 Rb4+ 48. Kc3 Re4 49. Rxe4 Kxe4 50. Kd2
Kf3 51. Ke1 Kg2 52. b6 Bd6 53. b7 Kxh3 54. Kf1 Kh2 55. Kf2 Bb8 56. Kf1 Ba7 57.
Ke2 Kg1 0-1

[Event "Detroit (MCO/DEU/2a/1)"]
[Site "?"]
[Date "1994.??.??"]
[Round "?"]
[White "Danek, C."]
[Black "McNamara, Ron"]
[Result "0-1"]
[WhiteElo "1605"]
[BlackElo "1605"]
[PlyCount "98"]
[EventDate "1994.??.??"]

1. e4 e6 2. Nf3 Ne7 3. d4 d5 4. Bd3 c5 5. O-O cxd4 6. Nxd4 Nbc6 7. Be3 Qb6 8.
Nb5 d4 9. Nxd4 Qxb2 10. Nb3 Qe5 11. f4 Qc7 12. N1d2 Bd7 13. Rb1 Nb4 14. Nc5
Nxa2 15. Nxd7 Nc3 16. Qh5 Nxb1 17. Rxb1 Qxd7 18. Bb5 Nc6 19. Nc4 g6 20. Qf3 a6
21. Ne5 Qc7 22. Bxc6+ bxc6 23. Bd4 Bg7 24. Qc3 O-O 25. Rb6 f6 26. Rxc6 Qb7 27.
Ng4 Rac8 28. Rxc8 Rxc8 29. Qd3 Qb1+ 30. Kf2 Qxc2+ 31. Qxc2 Rxc2+ 32. Kf3 f5 33.
Bxg7 Kxg7 34. exf5 exf5 35. Ne3 Rc3 36. Ke2 a5 37. Kd2 Rc8 38. Nc2 Kf6 39. Nd4
Ke7 40. h3 Kd6 41. g4 fxg4 42. hxg4 Kc5 43. Nc2 Kc4 44. Ne3+ Kb3 45. f5 gxf5
46. gxf5 a4 47. f6 Kb2 48. Kd3 Rf8 49. Nd5 a3 0-1

[Event "Gaylord (NMO/2/20)"]
[Site "?"]
[Date "1994.??.??"]
[Round "?"]
[White "Danek, C."]
[Black "Gorski, M."]
[Result "0-1"]
[WhiteElo "1605"]
[BlackElo "1605"]
[PlyCount "57"]
[EventDate "1994.??.??"]

{2/(20)} 1. e4 e5 2. Nf3 Nc6 3. Bc4 Nf6 4. Ng5 d5 5. exd5 Nxd5 6. Nxf7 Kxf7 7.
Qf3+ Ke8 8. Bxd5 Nd4 9. Qh5+ g6 10. Qxe5+ Qe7 11. Qxe7+ Bxe7 12. Be4 Bf5 13.
Bxb7 Nxc2+ 14. Kd1 Rb8 15. Bc6+ Kf8 16. d3 Nxa1 17. Bh6+ Kf7 18. Bd5+ Be6 19.
Bxe6+ Kxe6 20. Bg7 Rhg8 21. Re1+ Kf7 22. Be5 Bf6 23. Kc1 Rb7 24. Nc3 Rgb8 25.
Bxf6 Kxf6 26. Nd5+ Kg7 27. Re2 Rb5 28. Nc3 Rc5 29. Kd2 0-1

[Event "Detroit (MCO/C/5/14)"]
[Site "?"]
[Date "1994.??.??"]
[Round "?"]
[White "Cutler, C."]
[Black "Thompson, P."]
[Result "1-0"]
[WhiteElo "1605"]
[BlackElo "1605"]
[PlyCount "57"]
[EventDate "1994.??.??"]

{5/(14)} 1. e4 e5 2. Nf3 d6 3. Bc4 Be7 4. O-O Nc6 5. d4 Bg4 6. dxe5 Nxe5 7. Be2
Nxf3+ 8. Bxf3 Bxf3 9. Qxf3 c6 10. Nc3 Nf6 11. Rd1 Qc7 12. Bf4 O-O 13. Rd3 Rad8
14. Re1 Nd7 15. Qg3 Ne5 16. Bxe5 dxe5 17. Nd1 Rxd3 18. Qxd3 Rd8 19. Qg3 Rd2 20.
Ne3 f6 21. Nf5 Bf8 22. h4 Rxc2 23. Qb3+ Kh8 24. Qxc2 g6 25. Ne3 Qa5 26. Rd1 Kg8
27. Qc4+ Kh8 28. Qf7 Qc5 29. Rd8 1-0

[Event "Detroit (Class C/1/12)"]
[Site "?"]
[Date "1994.??.??"]
[Round "?"]
[White "Cutler, C."]
[Black "Stockton, T."]
[Result "0-1"]
[WhiteElo "1605"]
[BlackElo "1605"]
[PlyCount "113"]
[EventDate "1994.??.??"]

{1/(12)} 1. e4 e5 2. Nf3 Nc6 3. Bc4 Nf6 4. O-O Be7 5. d4 d6 6. Nc3 O-O 7. a3
Bg4 8. d5 Nd4 9. Be2 Nxe2+ 10. Qxe2 Bh5 11. Bg5 Nd7 12. Bxe7 Qxe7 13. Qe3 f5
14. Qg5 Qf7 15. Nh4 fxe4 16. Nxe4 Be2 17. Rfe1 Bc4 18. Rad1 Bxd5 19. Rxd5 Qxd5
20. Nf5 Rxf5 21. Qxf5 Qf7 22. Qg4 Rf8 23. c4 Nc5 24. f3 Ne6 25. Re3 Nd4 26. c5
Qc4 27. cxd6 Qc1+ 28. Kf2 Qxb2+ 29. Kf1 cxd6 30. Nxd6 Qb1+ 31. Kf2 Qc2+ 32. Kf1
Qc1+ 33. Kf2 Qd2+ 34. Re2 Qxe2+ 35. Kg3 Qe1+ 36. Kh3 Qf1 37. f4 Qd3+ 38. g3
Qf1+ 39. Kh4 Qe2 40. Qxe2 Nxe2 41. fxe5 Nd4 42. Kg4 b6 43. a4 Rf1 44. h4 Kf8
45. Kg5 a6 46. h5 b5 47. axb5 axb5 48. h6 g6 49. Ne4 Rf5+ 50. Kg4 b4 51. Ng5
Rxg5+ 52. Kxg5 b3 53. Kf6 b2 54. e6 Nxe6 55. Kxe6 b1=Q 56. g4 Qe4+ 57. Kf6 0-1

[Event "Detroit (MCO/C/3a/5)"]
[Site "?"]
[Date "1994.??.??"]
[Round "?"]
[White "Cutler, C."]
[Black "Solski, Jeff"]
[Result "0-1"]
[WhiteElo "1605"]
[BlackElo "1605"]
[PlyCount "82"]
[EventDate "1994.??.??"]

1. e4 c5 2. Nf3 e6 3. d4 cxd4 4. Nxd4 Nf6 5. Nc3 d6 6. Bg5 Be7 7. f4 Nc6 8. Nf3
a6 9. Bd3 Bd7 10. Qe2 Qb6 11. b3 Rc8 12. Na4 Qa7 13. f5 Nd4 14. Qf2 Nxc2+ 15.
Bxc2 Qxf2+ 16. Kxf2 Rxc2+ 17. Kg3 Nxe4+ 18. Kf4 Nxg5 19. Nxg5 Bxg5+ 20. Kxg5
Rxg2+ 21. Kf4 e5+ 22. Kf3 Bc6+ 23. Ke3 d5 24. Nc5 d4+ 25. Kd3 Bb5+ 26. Ke4 Re2+
27. Kf3 Re3+ 28. Kf2 Bc6 29. Rhg1 O-O 30. Rae1 Rf3+ 31. Ke2 Rxf5 32. Kd3 Rf3+
33. Kc4 Rc3+ 34. Kb4 a5+ 35. Kxa5 Rxc5+ 36. Kb6 Rd5 37. a4 Ra8 38. Rg5 Ra6+ 39.
Kc7 Rd7+ 40. Kb8 b6 41. Rgxe5 Ra8# 0-1

[Event "Detroit (MCO/C/7/10)"]
[Site "?"]
[Date "1994.??.??"]
[Round "?"]
[White "Cutler, C."]
[Black "Hartwig, Thomas"]
[Result "1-0"]
[WhiteElo "1605"]
[BlackElo "1605"]
[PlyCount "73"]
[EventDate "1994.??.??"]

{7/(10)} 1. e4 c5 2. Nf3 d6 3. d4 cxd4 4. Nxd4 Nf6 5. Nc3 g6 6. Be3 Nc6 7. Bb5
Bd7 8. Qe2 Bg7 9. O-O-O Qc7 10. f4 a6 11. Bc4 Rc8 12. Bb3 Nxd4 13. Bxd4 Bg4 14.
Qe3 Bxd1 15. Rxd1 O-O 16. h3 b5 17. e5 Nh5 18. g4 dxe5 19. fxe5 a5 20. gxh5 a4
21. Nxb5 Qa5 22. Na7 axb3 23. Qxb3 Ra8 24. hxg6 hxg6 25. Nc6 Qc7 26. Nb4 Bxe5
27. Bxe5 Qxe5 28. Rg1 Qf4+ 29. Kb1 Rab8 30. Rxg6+ Kh7 31. Rg1 Qxb4 32. Qd3+ Kh8
33. b3 Rg8 34. Rf1 Rgd8 35. Qe3 Rbc8 36. Qh6+ Kg8 37. Rg1+ 1-0

[Event "Detroit (Class C/5/15)"]
[Site "?"]
[Date "1994.??.??"]
[Round "?"]
[White "Cutler, C."]
[Black "Brown, W."]
[Result "1/2-1/2"]
[WhiteElo "1605"]
[BlackElo "1605"]
[PlyCount "85"]
[EventDate "1994.??.??"]

{5/(15)} 1. Nf3 d5 2. d4 Nc6 3. c4 e6 4. Nc3 Bb4 5. a3 Bxc3+ 6. bxc3 Nf6 7. Bg5
h6 8. Bh4 dxc4 9. e4 g5 10. Nxg5 Nxe4 11. Qh5 Nxg5 12. f4 Qd5 13. fxg5 Ne7 14.
Be2 Ng6 15. O-O Nxh4 16. Qxf7+ Kd8 17. Qf6+ Kd7 18. Qf7+ Kc6 19. Rf3 Qxg5 20.
Rg3 Qf5 21. Qe7 Ng6 22. Bf3+ Kb6 23. Qb4+ Ka6 24. Qxc4+ Kb6 25. a4 c6 26. Rxg6
Qxg6 27. Qc5+ Kc7 28. Qe5+ Kd7 29. Qxh8 b6 30. Qe5 Bb7 31. c4 Rf8 32. Rf1 Rf5
33. Qb8 Bc8 34. Qxa7+ Kd8 35. Qxb6+ Ke7 36. Qc7+ Bd7 37. a5 Qg5 38. d5 Qe3+ 39.
Kh1 cxd5 40. c5 Qd3 41. Kg1 Qe3+ 42. Kh1 Qd3 43. Kg1 1/2-1/2

[Event "Detroit (MCO/C/3b/6)"]
[Site "?"]
[Date "1994.??.??"]
[Round "?"]
[White "Cutler, C."]
[Black "Bezrutch, B."]
[Result "0-1"]
[WhiteElo "1605"]
[BlackElo "1605"]
[PlyCount "82"]
[EventDate "1994.??.??"]

1. e4 e5 2. Nf3 Nc6 3. Bc4 Bc5 4. c3 Nf6 5. d4 exd4 6. cxd4 Bb6 7. Bg5 h6 8.
Bh4 g5 9. d5 gxh4 10. dxc6 bxc6 11. Ne5 Rh7 12. O-O Qe7 13. Ng4 Nxg4 14. Qxg4
Rh8 15. Nc3 Bb7 16. Qe2 O-O-O 17. Ba6 Rhg8 18. a4 Qg5 19. Bxb7+ Kxb7 20. Qf3 a5
21. b4 Rg7 22. bxa5 Qxa5 23. Rfb1 Rdg8 24. Nd5 cxd5 25. Rb5 Qd2 26. exd5 Rxg2+
27. Kh1 Qxf2 28. Qxf2 Rxf2 29. a5 Ka6 30. axb6+ Kxb5 31. b7 Rb8 32. Kg1 Rb2 33.
d6 cxd6 34. Rf1 Rxb7 35. Rxf7 Kc6 36. Rf2 Rxf2 37. Kxf2 Rb3 38. Kg2 Kd5 39. Kf2
Ke4 40. Kg2 Rb2+ 41. Kh3 Kf4 0-1

[Event "Detroit (MCO/C/1a/3)"]
[Site "?"]
[Date "1994.??.??"]
[Round "?"]
[White "Cutler, C."]
[Black "Barta, Roger"]
[Result "1-0"]
[WhiteElo "1605"]
[BlackElo "1605"]
[PlyCount "97"]
[EventDate "1994.??.??"]

1. e4 e6 2. d4 d5 3. e5 c5 4. c3 Nc6 5. Nf3 Qb6 6. a3 Bd7 7. b4 c4 8. Be2 a5 9.
Bb2 axb4 10. cxb4 Nge7 11. Nc3 Nf5 12. Na4 Qb5 13. Nc3 Qb6 14. Na4 Qc7 15. Nc5
Be7 16. Bc3 b6 17. Nxd7 Kxd7 18. O-O f6 19. b5 Na5 20. Bxa5 Rxa5 21. a4 Rha8
22. Qc2 Qa7 23. Bxc4 dxc4 24. Qxc4 Rc8 25. Qb3 Qb7 26. d5 exd5 27. g4 Nh6 28.
Rfd1 Rc5 29. g5 fxg5 30. Nd4 Ra8 31. Nc6 Ke6 32. Rac1 Qd7 33. Nd4+ Kxe5 34.
Re1+ Kf6 35. Qf3+ Kg6 36. Re6+ Bf6 37. Rce1 Rxa4 38. Nc6 Rxc6 39. bxc6 Qc7 40.
Qxd5 Qf4 41. Qd3+ Nf5 42. R1e3 Kh5 43. Qe2+ g4 44. Rh3+ Nh4 45. Qb5+ g5 46.
Rxh4+ Kxh4 47. Qb1 Ra1 48. Qxa1 Qf3 49. Rxf6 1-0

[Event "Gaylord (NMO/1/6)"]
[Site "?"]
[Date "1994.??.??"]
[Round "?"]
[White "Crysler, Jerry"]
[Black "Townsend, Paul"]
[Result "0-1"]
[WhiteElo "1605"]
[BlackElo "1865"]
[PlyCount "74"]
[EventDate "1994.??.??"]

{1/(6)} 1. d4 e6 2. e4 b6 3. Bd3 Bb7 4. Nf3 Bb4+ 5. c3 Be7 6. Be3 c5 7. Nbd2 d5
8. Ne5 Nf6 9. Bb5+ Nfd7 10. Qg4 Kf8 11. Ndf3 dxe4 12. Qh5 Qe8 13. Ng5 Bxg5 14.
Bxg5 f6 15. Nxd7+ Nxd7 16. Qxe8+ Kxe8 17. Be3 cxd4 18. cxd4 Rc8 19. O-O Ke7 20.
h3 Nb8 21. a4 Bd5 22. a5 a6 23. Be2 b5 24. b4 Bc4 25. Rfe1 Bxe2 26. Rxe2 Rc4
27. Rb1 Nc6 28. d5 exd5 29. Bc5+ Ke6 30. f4 f5 31. Rd2 Rd8 32. Kf2 d4 33. Rbd1
e3+ 34. Kf3 exd2 35. Rxd2 d3 36. Ke3 Nxb4 37. Bxb4 Rxb4 0-1

[Event "Gaylord (NMO/4/12)"]
[Site "?"]
[Date "1994.??.??"]
[Round "?"]
[White "Crysler, Jerry"]
[Black "Kreger, David"]
[Result "0-1"]
[WhiteElo "1605"]
[BlackElo "1605"]
[PlyCount "68"]
[EventDate "1994.??.??"]

{4/(12)} 1. e4 Nc6 2. d4 e6 3. Nf3 d5 4. e5 b6 5. Bb5 Bb7 6. Qe2 Qd7 7. Be3 f5
8. exf6 gxf6 9. Nbd2 O-O-O 10. O-O-O Nge7 11. Kb1 Ng6 12. g4 e5 13. dxe5 fxe5
14. h3 Bg7 15. Bg5 Rde8 16. Nc4 Qe6 17. Ne3 Nd4 18. Nxd4 exd4 19. Bxe8 Rxe8 20.
Rd3 Qe5 21. h4 dxe3 22. c3 d4 23. f3 dxc3 24. Rxc3 Nf4 25. Bxf4 Qxf4 26. Rc4
Qxf3 27. Re1 Be4+ 28. Ka1 Qxe2 29. Rxe2 Bd3 30. Rxc7+ Kxc7 31. Re1 e2 32. g5
Bd4 33. a3 Bf2 34. Rc1+ Kd6 0-1

[Event "Gaylord (NMO/3/16)"]
[Site "?"]
[Date "1994.??.??"]
[Round "?"]
[White "Crozier, K."]
[Black "Robinson, Erik"]
[Result "1/2-1/2"]
[WhiteElo "1605"]
[BlackElo "1605"]
[PlyCount "42"]
[EventDate "1994.??.??"]

{3/(16)} 1. Nf3 d5 2. d4 Bg4 3. Ne5 Bf5 4. Nc3 e6 5. g3 Bb4 6. Bg2 Nf6 7. O-O
Nbd7 8. Nxd7 Nxd7 9. Bf4 g5 10. Bd2 Nb6 11. e4 Bg6 12. exd5 Qf6 13. dxe6 fxe6
14. Nb5 Bd6 15. Re1 O-O 16. Kh1 Nc4 17. Bc3 Qf5 18. Be4 Qxb5 19. Bxg6 hxg6 20.
Qd3 Qf5 21. Qxc4 Qf3+ 1/2-1/2

[Event "Gaylord (NMO/1/4)"]
[Site "?"]
[Date "1994.??.??"]
[Round "?"]
[White "Crozier, K."]
[Black "Moody, David"]
[Result "0-1"]
[WhiteElo "1605"]
[BlackElo "2000"]
[PlyCount "84"]
[EventDate "1994.??.??"]

{1/(4)} 1. Nf3 g6 2. d4 Nf6 3. Nc3 d5 4. g3 Bg7 5. Bg2 O-O 6. Bf4 c6 7. Qd2 Qb6
8. Na4 Qb5 9. b3 Nbd7 10. Ne5 c5 11. Nxd7 Nxd7 12. Rd1 cxd4 13. O-O e5 14. Bh6
Nf6 15. Bxg7 Kxg7 16. f4 Ng4 17. fxe5 Ne3 18. Qxd4 Qxe2 19. Rd2 Nxc2 20. Rxc2
Qxc2 21. e6+ Kg8 22. Rxf7 Qb1+ 23. Kf2 Rxf7+ 24. exf7+ Kxf7 25. Bxd5+ Be6 26.
Qf4+ Qf5 27. Qxf5+ gxf5 28. Bxb7 Rd8 29. Nc5 Rd2+ 30. Kf3 Bd5+ 31. Bxd5+ Rxd5
32. b4 Rd2 33. a4 Rxh2 34. b5 Ra2 35. Kf4 Kf6 36. Nd7+ Ke7 37. Ne5 Rxa4+ 38.
Kxf5 Kd6 39. Kf6 Kc5 40. Kg7 Kxb5 41. Kxh7 Re4 42. Nd7 Re7+ 0-1

[Event "Eastpointe (US Am N/1a/13)"]
[Site "?"]
[Date "1994.??.??"]
[Round "?"]
[White "Crimmins, M."]
[Black "McGrath, Michael"]
[Result "0-1"]
[WhiteElo "1605"]
[BlackElo "1735"]
[PlyCount "75"]
[EventDate "1994.??.??"]

1. d4 f5 2. Nf3 Nf6 3. g3 g6 4. Bg2 Bg7 5. c4 O-O 6. Nc3 d6 7. O-O Qe8 8. e3 e5
9. d5 Na6 10. b3 h6 11. Bb2 g5 12. Kh1 Qh5 13. Qd2 Ng4 14. h3 Nc5 15. Qd1 e4
16. Nh2 Nf6 17. Qxh5 Nxh5 18. Nd1 Nf6 19. Bd4 Nd3 20. Nc3 c5 21. dxc6 bxc6 22.
Ne2 Be6 23. Rad1 a5 24. Nc1 Nxc1 25. Rxc1 a4 26. b4 a3 27. Rfd1 Rfd8 28. Rd2
Ra4 29. Bc3 Ne8 30. Bxg7 Kxg7 31. Rc3 Rxb4 32. c5 Rb2 33. Rdc2 Bxa2 34. cxd6
Rxc2 35. Rxc2 Be6 36. Bf1 a2 37. Rc1 Nxd6 38. Ra1 0-1

[Event "Eastpointe (US Am N/3/40)"]
[Site "?"]
[Date "1994.??.??"]
[Round "?"]
[White "Crimmins, M."]
[Black "Kas-Mikha, N."]
[Result "1-0"]
[WhiteElo "1605"]
[BlackElo "1605"]
[PlyCount "75"]
[EventDate "1994.??.??"]

{3/(40)} 1. d4 e6 2. Nf3 Qf6 3. Bg5 Qg6 4. e3 f6 5. Bd3 Qf7 6. Bh4 g5 7. Bg3
Nh6 8. Bxc7 e5 9. dxe5 fxe5 10. Bxe5 Bg7 11. Nxg5 Qe7 12. Bxg7 Qxg7 13. Qh5+
Ke7 14. Nc3 Rg8 15. Bxh7 Rf8 16. Nd5+ Kd8 17. Nc3 Nf7 18. Nxf7+ Rxf7 19. Bg6
Rf6 20. Qg5 Qxg6 21. Qxg6 Rxg6 22. O-O b6 23. Rad1 Bb7 24. f3 Na6 25. Rd2 Ke7
26. Rfd1 Nc5 27. b4 Bxf3 28. Rf1 Ne4 29. Nd5+ Kf7 30. Rd4 Rag8 31. Rxf3+ Ke6
32. Nf4+ Kf6 33. Nxg6+ Kxg6 34. Rxe4 Kh7 35. Re7+ Kg6 36. Rg3+ Kf6 37. Rxg8
Kxe7 38. h4 1-0

[Event "Eastpointe (US Am N/5/38)"]
[Site "?"]
[Date "1994.??.??"]
[Round "?"]
[White "Crimmins, M."]
[Black "Aldrich, Justin"]
[Result "0-1"]
[WhiteElo "1605"]
[BlackElo "1605"]
[PlyCount "70"]
[EventDate "1994.??.??"]

{5/(38)} 1. d4 d5 2. Nf3 Bf5 3. Bg5 h6 4. Bh4 Qd6 5. c3 e6 6. Nbd2 Be7 7. Bxe7
Nxe7 8. e3 Nd7 9. Be2 Ng6 10. Nh4 Nxh4 11. O-O O-O 12. c4 dxc4 13. Nxc4 Qd5 14.
f3 b5 15. Qe1 Nxf3+ 16. Bxf3 Qxc4 17. Bxa8 Rxa8 18. Rc1 Qd5 19. Rxc7 Nf6 20.
Qb4 a5 21. Qe7 Rf8 22. Rfc1 Qa8 23. Ra7 Qb8 24. Rcc7 Nd5 25. Qxf7+ Rxf7 26.
Rxf7 Nxe3 27. Rxg7+ Kh8 28. Rgf7 Qg8 29. g3 Nc2 30. d5 Bg6 31. Rfb7 Qf8 32. d6
Ne3 33. Rf7 Bxf7 34. Re7 Be8 35. Rxe6 Qf1# 0-1

[Event "Detroit (Beg/5/11)"]
[Site "?"]
[Date "1994.??.??"]
[Round "?"]
[White "Crayson, T."]
[Black "Dangremond, D."]
[Result "0-1"]
[WhiteElo "1605"]
[BlackElo "1605"]
[PlyCount "78"]
[EventDate "1994.??.??"]

{5/(11)} 1. e4 e5 2. Nf3 Nc6 3. Bb5 a6 4. Bc4 Bc5 5. Nc3 Nf6 6. d3 O-O 7. Bg5
h6 8. Bh4 d6 9. Qd2 Re8 10. O-O-O Be6 11. Nd5 Bxd5 12. Bxd5 Qd7 13. Rde1 Nxd5
14. exd5 Nd4 15. Qe3 Nb3+ 16. axb3 Bxe3+ 17. Rxe3 Qb5 18. Re4 Qxd5 19. Re3 Re6
20. Rhe1 Rae8 21. Bg3 f5 22. c4 Qc6 23. Kd2 f4 24. R3e2 fxg3 25. hxg3 Qc5 26.
Kc3 b5 27. b4 Qc6 28. Kd2 bxc4 29. d4 e4 30. Nh4 Qd5 31. Nf5 Qxf5 32. Rc1 Qd5
33. Ke1 Qxd4 34. Rd1 Qb6 35. b5 e3 36. Kf1 exf2 37. b3 Rxe2 38. bxa6 Re1+ 39.
Rxe1 Rxe1# 0-1

[Event "Detroit (MCO/C/2a/3)"]
[Site "?"]
[Date "1994.??.??"]
[Round "?"]
[White "Cowan, W."]
[Black "West, Tony"]
[Result "0-1"]
[WhiteElo "1605"]
[BlackElo "1605"]
[PlyCount "54"]
[EventDate "1994.??.??"]

1. d4 Nf6 2. Nf3 g6 3. c4 c5 4. dxc5 Qa5+ 5. Nc3 Qxc5 6. e3 Bg7 7. Bd2 O-O 8.
Be2 d5 9. cxd5 Nxd5 10. Nxd5 Qxd5 11. Bc3 Bxc3+ 12. bxc3 Qa5 13. Qc1 Bf5 14.
O-O Nd7 15. Nd4 Be4 16. Qb2 Nc5 17. Qb4 Qc7 18. Rfd1 Rac8 19. Rac1 Rfd8 20. f3
Bc6 21. Nxc6 Rxd1+ 22. Rxd1 Qxc6 23. c4 Qe6 24. e4 f5 25. Rd5 b6 26. e5 Nd7 27.
f4 Nc5 $138 0-1

[Event "Detroit (MCO/C/6/11)"]
[Site "?"]
[Date "1994.??.??"]
[Round "?"]
[White "Cowan, W."]
[Black "Cutler, C."]
[Result "1-0"]
[WhiteElo "1605"]
[BlackElo "1605"]
[PlyCount "78"]
[EventDate "1994.??.??"]

{6/(11)} 1. d4 d5 2. Nf3 Nf6 3. e3 c5 4. c3 Nc6 5. Bd3 Qc7 6. O-O Bg4 7. Nbd2
e5 8. dxe5 Nxe5 9. Be2 Bd6 10. h3 Bf5 11. Nxe5 Bxe5 12. Nf3 Bd6 13. b3 O-O 14.
Bb2 Rad8 15. Kh1 c4 16. Nd4 Bg6 17. Nb5 Qb8 18. Nxd6 Rxd6 19. Ba3 Ne4 20. Bxd6
Qxd6 21. Qd4 b5 22. Bf3 Rd8 23. Rad1 Qa3 24. Bxe4 Bxe4 25. Qxe4 dxe4 26. Rxd8+
Qf8 27. Rxf8+ Kxf8 28. Rd1 Ke7 29. Rd4 f5 30. Rd5 a6 31. Rxf5 g6 32. Rc5 Kd6
33. Rc8 a5 34. bxc4 b4 35. cxb4 axb4 36. Kg1 h5 37. Kf1 g5 38. Ke2 g4 39. hxg4
hxg4 1-0

[Event "Detroit (MCO/A/4/12)"]
[Site "?"]
[Date "1994.??.??"]
[Round "?"]
[White "Costaras, B."]
[Black "Jendras, Gerard"]
[Result "1-0"]
[WhiteElo "1915"]
[BlackElo "1845"]
[PlyCount "99"]
[EventDate "1994.??.??"]

{4/(12)} 1. e4 e5 2. Nf3 Nc6 3. Bb5 a6 4. Ba4 Nf6 5. Qe2 b5 6. Bb3 Na5 7. O-O
Nxb3 8. axb3 d6 9. h3 Bb7 10. d3 Be7 11. Nc3 O-O 12. Bg5 h6 13. Be3 Nd7 14. Nd2
Bf6 15. Rae1 c5 16. f4 Bh4 17. Ra1 Qe7 18. f5 Bg5 19. Nf3 Bxe3+ 20. Qxe3 Nf6
21. g4 Nh7 22. Ne2 Rfe8 23. c4 Bc6 24. Ng3 Ng5 25. Nxg5 Qxg5 26. Qf3 Qd8 27. f6
g6 28. Qe3 Kh7 29. g5 h5 30. Qe2 Qd7 31. Kh2 Rh8 32. Rf3 b4 33. Rg1 a5 34. Rff1
a4 35. bxa4 Rxa4 36. Ra1 Qc8 37. Rxa4 Bxa4 38. Ra1 Bd7 39. Ra7 Kg8 40. Qf1 h4
41. Ne2 Be6 42. Qa1 Kh7 43. Ng1 Rd8 44. Nf3 Kg8 45. Qe1 Rd7 46. Ra1 d5 47. cxd5
Bxh3 48. Qxh4 Be6 49. Qh6 Qf8 50. Ra8 1-0

[Event "Detroit (MCO/A/6/6)"]
[Site "?"]
[Date "1994.??.??"]
[Round "?"]
[White "Costaras, B."]
[Black "Grams, Paul"]
[Result "1-0"]
[WhiteElo "1915"]
[BlackElo "1830"]
[PlyCount "63"]
[EventDate "1994.??.??"]

{6/(6)} 1. e4 c5 2. c3 Nc6 3. d4 cxd4 4. cxd4 Nf6 5. Nc3 d6 6. Nf3 g6 7. Bc4
Bg7 8. O-O O-O 9. h3 a6 10. Bd3 Nd7 11. Be3 Nb4 12. Bb1 d5 13. e5 f6 14. a3 Nc6
15. Nxd5 fxe5 16. dxe5 e6 17. Nc3 Ndxe5 18. Nxe5 Nxe5 19. Ba2 Qc7 20. Qe2 b5
21. Rac1 Qe7 22. Ne4 Nd7 23. Rc7 Be5 24. Bg5 Qe8 25. Rfc1 Kh8 26. Qe3 Bxc7 27.
Rxc7 Rf5 28. Nd6 Qf8 29. Nxf5 Qxf5 30. Bxe6 Qe5 31. Qxe5+ Nxe5 32. Bf6# 1-0

[Event "Detroit (MCO/A/2b/3)"]
[Site "?"]
[Date "1994.??.??"]
[Round "?"]
[White "Costaras, B."]
[Black "Garrison, Ray"]
[Result "0-1"]
[WhiteElo "1915"]
[BlackElo "1915"]
[PlyCount "100"]
[EventDate "1994.??.??"]

1. e4 e6 2. d4 d5 3. Nd2 Nf6 4. e5 Nfd7 5. f4 c5 6. c3 Nc6 7. Ndf3 Qb6 8. g3
cxd4 9. cxd4 f6 10. Bh3 Bb4+ 11. Kf1 Nf8 12. Kg2 Bd7 13. Ne2 Ng6 14. a3 Be7 15.
b4 O-O 16. Rf1 a5 17. b5 Qxb5 18. Be3 Qb6 19. Rb1 Qa7 20. Qd3 Rfb8 21. Nc3 b5
22. Nxb5 Qa6 23. a4 Nb4 24. Qd2 Bxb5 25. axb5 Rxb5 26. exf6 gxf6 27. f5 Rc8 28.
Rfc1 Rxc1 29. Rxc1 Nf8 30. Bh6 Nd3 31. Rc2 Rb1 32. fxe6 Nb4 33. Rc1 Rxc1 34.
Qxc1 Qe2+ 35. Kg1 Qxf3 36. Bg2 Qd3 37. Qf4 Qd1+ 38. Bf1 Nxe6 39. Qb8+ Kf7 40.
Kf2 Nxd4 41. Qf4 Ne6 42. Qb8 Qc2+ 43. Be2 Nd3+ 44. Kf1 Ne5 45. Bh5+ Ng6 46. Be2
Qf5+ 47. Ke1 Bb4+ 48. Kd1 Qb1+ 49. Bc1 Qe4 50. Qb7+ Ne7 0-1

[Event "Detroit (MCO/B/1a/6)"]
[Site "?"]
[Date "1994.??.??"]
[Round "?"]
[White "Coronel, R."]
[Black "Johnston, Rowland"]
[Result "0-1"]
[WhiteElo "1605"]
[BlackElo "1730"]
[PlyCount "53"]
[EventDate "1994.??.??"]

1. d4 Nf6 2. e3 g6 3. Bd3 Bg7 4. f4 d6 5. h3 Nbd7 6. Nf3 c5 7. c3 O-O 8. Nbd2
b6 9. O-O Bb7 10. e4 Nh5 11. Nb3 Qc7 12. Qe1 c4 13. Bc2 cxb3 14. axb3 e5 15. g4
Nxf4 16. Bxf4 exf4 17. Qd2 Nf6 18. Rae1 Rfe8 19. Qxf4 Qe7 20. Nd2 Rad8 21. d5
Nd7 22. Ra1 a6 23. Nc4 Be5 24. Qf3 Rf8 25. Ne3 Qh4 26. Kg2 Bc8 27. Bd3 {
[Remainder illegible; 0-1, 37?]} 0-1